01010ntm a2200253 a 450000100060000000300080000600500170001400800410003103500190007204000350009104100080012608200280013410000200016224502290018226000520041130000410046350200600050450400310056465000250059565000330062065000240065370000410067770000380071875577BD-RjUL20211209082719.0190428s2016 bg a|||| bm|| 00| 0 eng d a(BD-RjUL)75795 aBD-RjULbengcBD-RjULdBD-RjUL aeng 223a633.61233bALG 20161 aAli, Md. Raihan10aGenrtic Diversity Analysis based on Morphological Characters and Microsatellite Markers in Sugarcane (Saaccharum Officinarum L. ) /cby Md. Raihan Ali ;6Principal Supervisor: M. Firoz Alam ; Co-Supervisor: Md. Amzad Hossain aRajshahi :bDepartment of Botany, R. U. ,c2016 axvii, 228 leaves :bIll. ;c30 cm. aThesis (Ph. D.) -- Department of Botany, R. U. , 2016 aReferences: Leaves 174-213 aSugarcanevVarieties aSugarcanevField experiments aSugarcanevResearch aAlam, M. Firoz, Principal Supervisor aHossain, Md. Amzad, Co-Supervisor